000 00393nam a2200169Ia 4500
008 210210b1932 xxu||||| |||| 00| 0 eng d
041 _aeng
082 _a331/107
100 _aJACK (D T)
245 _aCurrency and banking
260 _aLondon
_bSir Isaac Pitman & Sons Ltd.,
_c1932
650 _aCurrency
650 _abanking
650 _aand
690 _aBanking
906 _a004009
999 _c122241
_d122241